[Event "SVK-chT2B 2223"]
[Site "Slovakia"]
[Date "2022.10.09"]
[Round "2.8"]
[White "Geffert, Anton"]
[Black "Hrubisko, Lukas"]
[Result "1-0"]
[WhiteElo "1918"]
[BlackElo "1338"]
[PlyCount "69"]
[EventDate "2022.10.08"]
[EventType "team-tourn"]
[EventRounds "11"]
[EventCountry "SVK"]
[SourceTitle "CBM 210 Extra"]
[Source "ChessBase"]
[SourceDate "2022.11.30"]
[SourceVersion "1"]
[SourceVersionDate "2022.11.30"]
[SourceQuality "1"]
[WhiteTeam "Levice II"]
[BlackTeam "Dubnica nad Vahom III"]
[WhiteTeamCountry "SVK"]
[BlackTeamCountry "SVK"]

1. d4 d5 2. c4 e6 3. Nc3 Nf6 4. Bg5 Be7 5. e3 b6 6. Nf3 Bb7 7. Rc1 Nbd7 8. cxd5 Nxd5 9. Bxe7 Nxe7 10. Nb5 Bc6 11. Ne5 Nb8 12. Nxc6 Nbxc6 13. Qf3 Qd7 14. Qg3 0-0 15. Qxc7 Qxc7 16. Nxc7 Rac8 17. Nb5 Rfd8 18. Nc3 Nb4 19. a3 Nbd5 20. Ba6 Rc7 21. Kd2 Nxc3 22. Rxc3 Rxc3 23. bxc3 Rd5 24. Ra1 f5 25. Bc4 Rd6 26. a4 a5 27. Re1 Kf7 28. e4 f4 29. e5 Rd8 30. g3 g5 31. gxf4 gxf4 32. Rg1 Rc8 33. Kd3 Nd5 34. Bxd5 exd5 35. Rg4 1-0

[Event "SVK-chT2B 2122"]
[Site "Slovakia"]
[Date "2021.11.13"]
[Round "3.7"]
[White "Geffert, Anton"]
[Black "Cervenka, Peter"]
[Result "1-0"]
[WhiteElo "1918"]
[BlackElo "1773"]
[PlyCount "111"]
[EventDate "2021.10.16"]
[EventType "team-tourn"]
[EventRounds "11"]
[EventCountry "SVK"]
[SourceTitle "EXT 2023"]
[Source "ChessBase"]
[SourceDate "2022.10.05"]
[SourceVersion "1"]
[SourceVersionDate "2022.10.05"]
[SourceQuality "1"]
[WhiteTeam "Levice II"]
[BlackTeam "Surany"]
[WhiteTeamCountry "SVK"]
[BlackTeamCountry "SVK"]

1. d4 d5 2. c4 c6 3. cxd5 cxd5 4. Nc3 e6 5. Bf4 Bd6 6. Bxd6 Qxd6 7. e3 Bd7 8. Nf3 Nc6 9. Nb5 Qb8 10. Rc1 a6 11. Nc3 b5 12. b4 Qd6 13. a3 Nf6 14. Bd3 0-0 15. 0-0 Rac8 16. e4 dxe4 17. Nxe4 Nxe4 18. Bxe4 Rfd8 19. Rc5 Be8 20. Qc2 f5 21. Bxc6 Bxc6 22. Rc1 Be4 23. Qc3 Bb7 24. Kf1 Rxc5 25. dxc5 Qd3+ 26. Qxd3 Rxd3 27. c6 Bc8 28. Ne5 Rd5 29. f4 g5 30. g3 Kf8 31. Ke2 Ke7 32. Ke3 g4 33. h3 h5 34. hxg4 hxg4 35. Rc3 Kd6 36. Rd3 a5 37. bxa5 Ba6 38. Rc3 Kc7 39. Nd3 Bc8 40. Nb4 Rd1 41. Rd3 Rc1 42. a6 Kb6 43. Kd4 Bxa6 44. Ke5 Bc8 45. Kd6 Rc4 46. Ke7 Kc7 47. Rd6 Rc3 48. Rd7+ Kb8 49. Kxe6 Rxg3 50. Kd6 Rxa3 51. Rd8 Ra4 52. Kc5 Kc7 53. Rg8 Ra1 54. Rg7+ Kb8 55. Kb6 Rc1 56. Rg8 1-0

[Event "SVK-chT2C 1920"]
[Site "Slovakia"]
[Date "2019.12.15"]
[Round "6.6"]
[White "Priechodsky, Radovan"]
[Black "Geffert, Anton"]
[Result "1-0"]
[WhiteElo "1887"]
[BlackElo "1912"]
[PlyCount "143"]
[EventDate "2019.10.26"]
[EventType "team-tourn"]
[EventRounds "11"]
[EventCountry "SVK"]
[SourceTitle "CBM 194 Extra"]
[Source "ChessBase"]
[SourceDate "2020.03.31"]
[SourceVersion "1"]
[SourceVersionDate "2020.03.31"]
[SourceQuality "1"]
[WhiteTeam "Liptov Chess School III"]
[BlackTeam "Banska Bystrica Veza"]
[WhiteTeamCountry "SVK"]
[BlackTeamCountry "SVK"]

1. e4 c5 2. Nf3 Nc6 3. d4 cxd4 4. Nxd4 e5 5. Nb5 a6 6. Nd6+ Bxd6 7. Qxd6 Qe7 8. Qd1 Nf6 9. Nc3 0-0 10. f3 b5 11. Bg5 Qe6 12. Be2 b4 13. Nd5 Nxd5 14. exd5 Qf5 15. Qd2 f6 16. Bd3 Qxg5 17. Qxg5 fxg5 18. dxc6 dxc6 19. 0-0-0 Ra7 20. Be4 Rc7 21. Rd6 Bf5 22. Re1 g6 23. Rxc6 Rxc6 24. Bxc6 Rc8 25. Be4 Rc5 26. g4 Be6 27. b3 Kf7 28. Kb2 a5 29. Re3 Bd5 30. c4 Bxe4 31. Rxe4 Ke6 32. a4 Rc8 33. Kc2 h5 34. h3 hxg4 35. hxg4 Rh8 36. Kd3 Rh1 37. Re3 Rd1+ 38. Ke2 Rb1 39. Kd2 Rb2+ 40. Kc1 Rh2 41. Rd3 Rf2 42. Kd1 Rb2 43. c5 Rb1+ 44. Kd2 Rb2+ 45. Ke3 Rc2 46. Rd6+ Ke7 47. Rxg6 Rxc5 48. Rxg5 Rc3+ 49. Ke4 Rxb3 50. Rxe5+ Kf6 51. Rxa5 Ra3 52. f4 b3 53. Ra6+ Ke7 54. Kf5 b2 55. Ra7+ Kd8 56. Rb7 Rxa4 57. Rxb2 Ra5+ 58. Kg6 Ra6+ 59. Kg5 Ke7 60. Rb7+ Kf8 61. f5 Ra4 62. f6 Rc4 63. Kf5 Kg8 64. g5 Rc8 65. Kg6 Ra8 66. Rg7+ Kh8 67. Re7 Rb8 68. Kh6 Kg8 69. g6 Rf8 70. f7+ Rxf7 71. gxf7+ Kf8 72. Re5 1-0

[Event "SVK-chT2C 1819"]
[Site "Slovakia"]
[Date "2018.10.14"]
[Round "2.8"]
[White "Valuska, Jan"]
[Black "Geffert, Anton"]
[Result "1/2-1/2"]
[WhiteElo "1974"]
[BlackElo "1912"]
[PlyCount "50"]
[EventDate "2018.10.13"]
[EventType "team-tourn"]
[EventRounds "11"]
[EventCountry "SVK"]
[SourceTitle "CBM 187 Extra"]
[Source "ChessBase"]
[SourceDate "2018.11.04"]
[SourceVersion "1"]
[SourceVersionDate "2018.11.04"]
[SourceQuality "1"]
[WhiteTeam "Zvolen Slavia"]
[BlackTeam "Banska Bystrica Veza"]
[WhiteTeamCountry "SVK"]
[BlackTeamCountry "SVK"]

1. e4 c5 2. Nf3 d6 3. d4 cxd4 4. Nxd4 a6 5. Nc3 Nf6 6. Bg5 e5 7. Nb3 Be7 8. Qd2 Be6 9. 0-0-0 Nbd7 10. f4 h6 11. Bh4 exf4 12. Bxf6 Nxf6 13. Qxf4 0-0 14. Kb1 Qc7 15. Be2 b5 16. Bf3 Rac8 17. Rc1 Nd7 18. h4 Bf6 19. Nd5 Bxd5 20. exd5 Be5 21. Qd2 Nb6 22. Na5 Nc4 23. Nxc4 Qxc4 24. Qd3 Qxd3 25. cxd3 Rc5 1/2-1/2

[Event "SVK-chT2C 1718"]
[Site "Slovakia"]
[Date "2017.10.28"]
[Round "1.8"]
[White "Geffert, Anton"]
[Black "Marsina, Stefan"]
[Result "0-1"]
[WhiteElo "1905"]
[BlackElo "1905"]
[PlyCount "64"]
[EventDate "2017.10.28"]
[EventType "team-tourn"]
[EventRounds "11"]
[EventCountry "SVK"]
[SourceTitle "CBM 181 Extra"]
[Source "ChessBase"]
[SourceDate "2017.12.12"]
[SourceVersion "1"]
[SourceVersionDate "2017.12.12"]
[SourceQuality "1"]
[WhiteTeam "Banska Bystrica Veza"]
[BlackTeam "Rajecke Teplice"]
[WhiteTeamCountry "SVK"]
[BlackTeamCountry "SVK"]

1. d4 g6 2. c4 Bg7 3. Nc3 Nf6 4. e4 d6 5. Nf3 0-0 6. h3 c6 7. Bd3 Na6 8. a3 Nc7 9. Be3 Nd7 10. Qc2 e5 11. d5 c5 12. 0-0 Nb6 13. b4 cxb4 14. axb4 Na6 15. Qb3 f5 16. b5 Nc5 17. Bxc5 dxc5 18. Ra2 f4 19. Rfa1 g5 20. Rxa7 Rxa7 21. Rxa7 h5 22. Nh2 g4 23. hxg4 hxg4 24. g3 Qg5 25. Nd1 Rf6 26. Bf1 Rh6 27. gxf4 exf4 28. Bg2 Be5 29. Ra2 Qh4 30. Nf1 f3 31. Bxf3 gxf3 32. Qxf3 Rg6+ 0-1

[Event "SVK-chT2C 1617"]
[Site "Slovakia"]
[Date "2017.03.12"]
[Round "11.6"]
[White "Sabo, Julius"]
[Black "Geffert, Anton"]
[Result "0-1"]
[WhiteElo "1908"]
[BlackElo "1898"]
[PlyCount "67"]
[EventDate "2016.10.08"]
[EventType "team-tourn"]
[EventRounds "11"]
[EventCountry "SVK"]
[SourceTitle "EXT 2018"]
[Source "ChessBase"]
[SourceDate "2017.10.13"]
[SourceVersion "1"]
[SourceVersionDate "2017.10.13"]
[SourceQuality "1"]
[WhiteTeam "Podbrezova ZP Sport"]
[BlackTeam "Banska Bystrica Veza"]
[WhiteTeamCountry "SVK"]
[BlackTeamCountry "SVK"]

1. Nf3 d5 2. d4 Nf6 3. c4 e6 4. Nc3 Be7 5. g3 c6 6. Bg2 0-0 7. cxd5 exd5 8. 0-0 Re8 9. h3 Nbd7 10. Re1 Nf8 11. Qc2 Ng6 12. a3 Bd7 13. b4 Qc8 14. Kh2 Bd6 15. e3 Bf5 16. Qb2 a6 17. Na4 Qc7 18. Bd2 Ne4 19. Rac1 Nxf2 20. Nc3 Bxg3+ 21. Kg1 Nd3 22. Nxd5 Nxb2 23. Nxc7 Bxc7 24. d5 Bg3 25. dxc6 bxc6 26. Nd4 Bxe1 27. Rxe1 Be4 28. Rc1 Bxg2 29. Kxg2 Ne5 30. Nxc6 Nxc6 31. Rxc6 Rec8 32. Rc5 Nd3 33. Rd5 Rd8 34. Rd4 0-1

[Event "Stara Lubovna op"]
[Site "Stara Lubovna"]
[Date "2014.04.07"]
[Round "2"]
[White "Geffert, Anton"]
[Black "Jablonicky, Frantisek"]
[Result "0-1"]
[WhiteElo "1926"]
[BlackElo "2115"]
[PlyCount "50"]
[EventDate "2014.04.06"]
[EventType "swiss"]
[EventRounds "7"]
[EventCountry "SVK"]
[SourceTitle "CBM 160 Extra"]
[Source "ChessBase"]
[SourceDate "2014.07.01"]
[SourceVersion "1"]
[SourceVersionDate "2014.07.01"]
[SourceQuality "1"]

1. d4 f5 2. c4 Nf6 3. Nc3 g6 4. Nf3 Bg7 5. Bg5 d6 6. e3 0-0 7. Be2 c6 8. Bxf6 Bxf6 9. h4 e5 10. dxe5 dxe5 11. Qb3 Qb6 12. 0-0-0 Qxb3 13. axb3 Na6 14. Rd6 Nc5 15. Kc2 Ne4 16. Nxe4 fxe4 17. Ng5 Be7 18. Rd2 Bb4 19. Rdd1 Rxf2 20. Rd8+ Kg7 21. Kd1 Rxe2 22. Rf1 Re1+ 23. Rxe1 Bg4+ 24. Kc2 Rxd8 25. Rf1 Rf8 0-1

[Event "SVK-chT2C 1314"]
[Site "Slovakia"]
[Date "2013.11.24"]
[Round "4.8"]
[White "Geffert, Anton"]
[Black "Tomcikova, Dominika"]
[Result "1-0"]
[WhiteElo "1921"]
[BlackElo "1527"]
[PlyCount "69"]
[EventDate "2013.10.19"]
[EventType "team-tourn"]
[EventRounds "11"]
[EventCountry "SVK"]
[SourceTitle "EXT 2015"]
[Source "ChessBase"]
[SourceDate "2014.11.20"]
[SourceVersion "1"]
[SourceVersionDate "2014.11.20"]
[SourceQuality "1"]
[WhiteTeam "Banska Bystrica Veza"]
[BlackTeam "Rajecke Teplice"]
[WhiteTeamCountry "SVK"]
[BlackTeamCountry "SVK"]

1. d4 Nf6 2. c4 e6 3. Nc3 c5 4. e3 cxd4 5. exd4 Bb4 6. Bd2 Nc6 7. Nf3 0-0 8. Bd3 d5 9. c5 b6 10. a3 Bxc3 11. Bxc3 bxc5 12. dxc5 Ne4 13. Bxe4 dxe4 14. Qxd8 Rxd8 15. Ng5 f5 16. Rd1 Rd5 17. b4 a5 18. Rxd5 exd5 19. b5 Rb8 20. a4 d4 21. Ba1 Nb4 22. Kd2 d3 23. Be5 Rb7 24. c6 Re7 25. Bd6 Re8 26. Bxb4 axb4 27. b6 h6 28. Nh3 Re6 29. Rc1 b3 30. b7 Bxb7 31. cxb7 Rb6 32. Rc8+ Kf7 33. b8Q Rxb8 34. Rxb8 g5 35. f3 1-0

[Event "SVK-chT2C 1213"]
[Site "Slovakia"]
[Date "2013.02.02"]
[Round "7.8"]
[White "Pecho, Juraj"]
[Black "Geffert, Anton"]
[Result "0-1"]
[WhiteElo "1938"]
[BlackElo "1907"]
[PlyCount "142"]
[EventDate "2012.10.13"]
[EventType "team-tourn"]
[EventRounds "11"]
[EventCountry "SVK"]
[SourceTitle "EXT 2015"]
[Source "ChessBase"]
[SourceDate "2014.11.20"]
[SourceVersion "1"]
[SourceVersionDate "2014.11.20"]
[SourceQuality "1"]
[WhiteTeam "Dolny Kubin"]
[BlackTeam "Banska Bystrica Veza"]
[WhiteTeamCountry "SVK"]
[BlackTeamCountry "SVK"]

1. f4 d5 2. Nf3 Nc6 3. e3 Nf6 4. Bb5 a6 5. Bxc6+ bxc6 6. b3 e6 7. Bb2 Bd6 8. 0-0 0-0 9. Qe1 c5 10. d3 Bb7 11. Nbd2 d4 12. exd4 Bxf4 13. dxc5 Ng4 14. Nc4 Bxf3 15. Rxf3 Qg5 16. h3 Nf6 17. Qf2 Nh5 18. Rd1 Bg3 19. Qe2 Nf4 20. Qd2 h6 21. Rdf1 Nh5 22. Qxg5 hxg5 23. Be5 Bf4 24. g4 Bxe5 25. Nxe5 Nf4 26. Re1 f6 27. Nc4 e5 28. Kf2 Ne6 29. Ke3 Nxc5 30. h4 gxh4 31. g5 fxg5 32. Nxe5 Rxf3+ 33. Kxf3 Ne6 34. Kg4 Rf8 35. Ng6 Rf6 36. Ne7+ Kf7 37. Nc6 Rf2 38. a4 Rg2+ 39. Kf3 h3 40. Ne5+ Kg8 41. c3 Nf4 42. Rh1 Rd2 43. d4 Rc2 44. c4 Rc3+ 45. Kg4 Rxb3 46. d5 Nd3 47. Nxd3 Rxd3 48. Kxg5 Kf7 49. Kf5 Ke7 50. Ke5 g5 51. c5 g4 52. a5 Ra3 53. d6+ cxd6+ 54. cxd6+ Kd7 55. Kf4 Ra4+ 56. Kg3 Kxd6 57. Rf1 Ke5 58. Rc1 Rxa5 59. Kxg4 h2 60. Kg3 Ra2 61. Kf3 Kd4 62. Kg3 a5 63. Kf3 a4 64. Kg3 a3 65. Kf3 Kd3 66. Re1 Kc4 67. Kg3 Rc2 68. Kf3 a2 69. Ke3 Kc3 70. Rd1 Kb2 71. Kd3 Rg2 0-1

[Event "SVK-chT2C 1112"]
[Site "Slovakia"]
[Date "2012.01.07"]
[Round "7.7"]
[White "Geffert, Anton"]
[Black "Hros, Roman"]
[Result "0-1"]
[WhiteElo "1925"]
[BlackElo "1911"]
[PlyCount "56"]
[EventDate "2011.10.08"]
[EventType "team-tourn"]
[EventRounds "11"]
[EventCountry "SVK"]
[SourceTitle "EXT 2013"]
[Source "ChessBase"]
[SourceDate "2012.11.22"]
[SourceVersion "1"]
[SourceVersionDate "2012.11.22"]
[SourceQuality "1"]
[WhiteTeam "Banska Bystrica Veza"]
[BlackTeam "Liptov Chess School II"]
[WhiteTeamCountry "SVK"]
[BlackTeamCountry "SVK"]

1. d4 d5 2. c4 e6 3. Nc3 Nf6 4. Nf3 c6 5. cxd5 cxd5 6. e3 Nc6 7. a3 a6 8. Bd3 Bd6 9. 0-0 0-0 10. Re1 e5 11. dxe5 Nxe5 12. Be2 Be6 13. Nd4 Qc7 14. f4 Nc6 15. Nxc6 Qxc6 16. Bf3 Rfd8 17. Qd3 g6 18. Qd4 Be7 19. Bd2 Bf5 20. Na4 Bc2 21. Nc3 Bc5 22. Qe5 Bf5 23. Rad1 Ng4 24. Bxg4 f6 25. Qxf5 gxf5 26. Bxf5 d4 27. Be4 dxe3 28. Bxe3 Rxd1 0-1

[Event "SVK-chT2C 1112"]
[Site "Slovakia"]
[Date "2011.10.08"]
[Round "1.6"]
[White "Pikuliak, Jozef"]
[Black "Geffert, Anton"]
[Result "1-0"]
[WhiteElo "2003"]
[BlackElo "1925"]
[PlyCount "47"]
[EventDate "2011.10.08"]
[EventType "team-tourn"]
[EventRounds "11"]
[EventCountry "SVK"]
[SourceTitle "EXT 2013"]
[Source "ChessBase"]
[SourceDate "2012.11.22"]
[SourceVersion "1"]
[SourceVersionDate "2012.11.22"]
[SourceQuality "1"]
[WhiteTeam "Cadca II"]
[BlackTeam "Banska Bystrica Veza"]
[WhiteTeamCountry "SVK"]
[BlackTeamCountry "SVK"]

1. c4 Nf6 2. Nc3 e6 3. Nf3 d5 4. d4 c6 5. g3 Nbd7 6. a4 Bb4 7. Qb3 Bxc3+ 8. bxc3 Ne4 9. Ba3 dxc4 10. Qxc4 Nb6 11. Qd3 Qd5 12. Bc1 e5 13. a5 Nc4 14. Bg2 Nxf2 15. Kxf2 e4 16. Qb1 Qf5 17. Qb4 exf3 18. Bxf3 Be6 19. Rf1 Rc8 20. Kg1 Qc2 21. Bg5 Rc7 22. a6 Qb2 23. Qxb2 Nxb2 24. Rfb1 1-0

[Event "SVK-chT2C 0910"]
[Site "Slovakia"]
[Date "2009.11.08"]
[Round "4.7"]
[White "Geffert, Anton"]
[Black "Galbavy, Dusan"]
[Result "1-0"]
[WhiteElo "1960"]
[BlackElo "1918"]
[PlyCount "69"]
[EventDate "2009.10.10"]
[EventType "team-tourn"]
[EventRounds "11"]
[EventCountry "SVK"]
[SourceTitle "EXT 2011"]
[Source "ChessBase"]
[SourceDate "2010.11.26"]
[SourceVersion "1"]
[SourceVersionDate "2010.11.26"]
[SourceQuality "1"]
[WhiteTeam "Banska Bystrica CVC"]
[BlackTeam "Zilina Central"]
[WhiteTeamCountry "SVK"]
[BlackTeamCountry "SVK"]

1. d4 e6 2. c4 d5 3. Nc3 f5 4. cxd5 exd5 5. Nf3 Nf6 6. Bg5 Be7 7. e3 c6 8. Bd3 0-0 9. 0-0 Ne4 10. Bxe7 Qxe7 11. Ne2 Nd7 12. Nf4 Ndf6 13. Qc2 g5 14. Bxe4 Nxe4 15. Nd3 Be6 16. Nfe5 Rf6 17. f3 Nd6 18. Qf2 Kh8 19. Rae1 Raf8 20. Nc5 Kg8 21. Qd2 Qg7 22. Qc3 Nb5 23. Qd2 b6 24. Nb3 Rh6 25. a4 Nc7 26. f4 Bc8 27. Rf2 g4 28. g3 Rd6 29. Rc1 Bb7 30. a5 Na6 31. axb6 axb6 32. Qc3 Rc8 33. Ra1 c5 34. dxc5 Re6 35. c6 1-0

[Event "SVK-chT2C 0809"]
[Site "Slovakia"]
[Date "2009.02.01"]
[Round "9.4"]
[White "Stanko, Ivan"]
[Black "Geffert, Anton"]
[Result "0-1"]
[WhiteElo "2032"]
[BlackElo "2009"]
[PlyCount "110"]
[EventDate "2008.10.11"]
[EventType "team-tourn"]
[EventRounds "11"]
[EventCountry "SVK"]
[SourceTitle "EXT 2010"]
[Source "ChessBase"]
[SourceDate "2010.11.25"]
[SourceVersion "1"]
[SourceVersionDate "2010.11.25"]
[SourceQuality "1"]
[WhiteTeam "Liptov SK III"]
[BlackTeam "Banska Bystrica CVC"]
[WhiteTeamCountry "SVK"]
[BlackTeamCountry "SVK"]

1. e4 c5 2. c3 d6 3. d4 Nf6 4. Bd3 cxd4 5. cxd4 e6 6. Nc3 Be7 7. Nf3 Nc6 8. 0-0 0-0 9. a3 a6 10. h3 b5 11. b4 Bb7 12. Be3 Rc8 13. Rc1 Re8 14. Bb1 h6 15. Qd2 Bf8 16. Rfd1 Ne7 17. Qe2 Ng6 18. e5 Nd5 19. Ne4 Nxe3 20. Qxe3 Qd7 21. h4 Rxc1 22. Rxc1 dxe5 23. dxe5 Rc8 24. h5 Rxc1+ 25. Qxc1 Bxe4 26. Bxe4 Ne7 27. Bb1 Nf5 28. Qc2 Qd5 29. Ba2 Qd7 30. Qe4 Qd1+ 31. Kh2 Qf1 32. Qe1 Qxe1 33. Nxe1 Nd4 34. Bb1 Be7 35. Nd3 Bd8 36. Nc5 Bc7 37. f4 a5 38. g3 Kf8 39. Kg2 Ke7 40. Kf2 Bb6 41. Ke1 Bxc5 42. bxc5 Kd7 43. Be4 Nb3 44. c6+ Kc7 45. Bh7 Nd4 46. Bg8 f6 47. exf6 gxf6 48. g4 Kxc6 49. Kf2 b4 50. axb4 axb4 51. g5 b3 52. gxh6 b2 53. h7 b1Q 54. h8Q Qc2+ 55. Kg3 Qc3+ 0-1

[Event "Nove Zamky op"]
[Site "Nove Zamky"]
[Date "2008.08.10"]
[Round "7"]
[White "Tomanek, Rafael"]
[Black "Geffert, Anton"]
[Result "1-0"]
[WhiteElo "1993"]
[BlackElo "2035"]
[PlyCount "49"]
[EventDate "2008.08.06"]
[EventType "swiss"]
[EventRounds "7"]
[EventCountry "SVK"]
[SourceTitle "EXT 2010"]
[Source "ChessBase"]
[SourceDate "2010.11.25"]
[SourceVersion "1"]
[SourceVersionDate "2010.11.25"]
[SourceQuality "1"]

1. d4 d5 2. Nf3 Nf6 3. c4 e6 4. Nc3 c6 5. e3 Nbd7 6. Bd3 Be7 7. 0-0 0-0 8. e4 dxe4 9. Nxe4 Nxe4 10. Bxe4 Nf6 11. Bc2 h6 12. Bf4 Re8 13. Qd3 b5 14. c5 Qd5 15. Ne5 Rf8 16. Rfe1 Bb7 17. Ng4 Qf5 18. Qxf5 exf5 19. Rxe7 fxg4 20. Rxb7 Nd5 21. Bg3 Rfe8 22. Kf1 g6 23. a3 a5 24. Bb3 Rad8 25. Re1 1-0

[Event "SVK-chT2C 0708"]
[Site "Slovakia"]
[Date "2007.12.02"]
[Round "6.1"]
[White "Valuska, Jan"]
[Black "Geffert, Anton"]
[Result "1-0"]
[WhiteElo "2091"]
[BlackElo "1933"]
[PlyCount "81"]
[EventDate "2007.10.06"]
[EventType "team-tourn"]
[EventRounds "11"]
[EventCountry "SVK"]
[SourceTitle "EXT 2010"]
[Source "ChessBase"]
[SourceDate "2010.11.25"]
[SourceVersion "1"]
[SourceVersionDate "2010.11.25"]
[SourceQuality "1"]
[WhiteTeam "Zvolen Slavia"]
[BlackTeam "Banska Bystrica CVC"]
[WhiteTeamCountry "SVK"]
[BlackTeamCountry "SVK"]

1. f4 Nc6 2. Nf3 d5 3. e3 Nf6 4. b3 e6 5. Bb2 a6 6. Nc3 Bd6 7. Ne2 0-0 8. Ng3 Re8 9. Ne5 Ne7 10. Ng4 Nxg4 11. Qxg4 e5 12. f5 g6 13. e4 dxe4 14. Bc4 Rf8 15. Rf1 Kh8 16. Qxe4 gxf5 17. Qe2 f6 18. a4 Bd7 19. Nh5 Nc6 20. Qf2 Nd4 21. Bd3 Bc5 22. Qh4 Qe7 23. Kd1 Be8 24. Bxf5 Nxf5 25. Rxf5 Bxh5+ 26. Rxh5 Rf7 27. Qe4 c6 28. Bc3 Rg8 29. Kc1 Bd6 30. Kb2 Qe6 31. Rf1 Rg4 32. Qe2 Kg7 33. Rhf5 Rg6 34. d4 e4 35. g3 h6 36. g4 Kh7 37. h4 Kg7 38. g5 Kh7 39. Bd2 Bf8 40. h5 Rg8 41. g6+ 1-0